| 000 | 00698ata a2200229 4500 | ||
|---|---|---|---|
| 005 | 20160928190632.0 | ||
| 008 | 150701b xxu||||| |||| 00| 0 spa d | ||
| 020 | _a9789930945636 | ||
| 041 | _aspa | ||
| 082 | _a398.9 A663d3 | ||
| 100 |
_aArauz Ramos, Carlos Enrique _97884 |
||
| 245 | _aDichos y refranes costarricenses: frases y expresiones de nuestra habla popular | ||
| 250 | _a3 edición | ||
| 260 |
_aCosta Rica _bC. Arauz R. _c2013 |
||
| 300 | _a120 páginas | ||
| 650 |
_aCOSTA RICA _923438 |
||
| 650 |
_aDICHOS COSTARRICENSES _923439 |
||
| 650 |
_aREFRANES COSTARRICENSES _923440 |
||
| 650 |
_aCULTURA POPULAR _97204 |
||
| 650 |
_aHABLA POPULAR COSTARRICENSE _923441 |
||
| 942 | _cBK | ||
| 999 |
_c8440 _d8440 |
||